|
|
|
|
| LEADER |
00944nam a2200205Ia 4500 |
| 001 |
CTU_162700 |
| 008 |
210402s9999 xx 000 0 und d |
| 082 |
|
|
|a 579.8
|
| 082 |
|
|
|b Th108
|
| 088 |
|
|
|a 60440301
|
| 100 |
|
|
|a Giang, Dạ Thảo
|
| 245 |
|
0 |
|a Thành phần giống loài rong, tảo và một số yếu tố môi trường trong ao nuôi tôm sú quảng canh cải tiến ở vùng ngọt hóa tỉnh Bạc Liêu :
|
| 245 |
|
0 |
|b Luận văn thạc sĩ Khoa học Môi Trường chuyên ngành Khoa học Môi trường
|
| 245 |
|
0 |
|c Giang Dạ Thảo ; Nguyễn Văn Công, Trần Chấn Bắc (Hướng dẫn Khoa học)
|
| 260 |
|
|
|a Cần Thơ
|
| 260 |
|
|
|b Trường Đại học Cần Thơ
|
| 260 |
|
|
|c 2010
|
| 650 |
|
|
|a Phytoplankton,Thực vật phù du
|
| 904 |
|
|
|i Quyền, Hải
|
| 980 |
|
|
|a Trung tâm Học liệu Trường Đại học Cần Thơ
|